Na cura da alma / (Record no. 262)

MARC details
000 -LÍDER
campo de controle de tamanho fixo 01499nam a2200289 4500
001 - NÚMERO DE CONTROLE
campo de controle 262
003 - IDENTIFICADOR DO NÚMERO DE CONTROLE
campo de controle OSt
005 - DATA E HORÁRIO DA ÚLTIMA TRANSAÇÃO
campo de controle 20250327122449.0
008 - CAMPO DE DADOS FIXOS--INFORMAÇÃO GERAL
campo de controle de tamanho fixo 250224b |||||||e |||| 00| 1 eng d
020 ## - ISBN - INTERNATIONAL STANDARD BOOK NUMBER
ISBN - International Standard Book Number 9788573533491
040 ## - FONTE DA CATALOGAÇÃO
Idioma da catalogação por
041 ## - CÓDIGO DE IDIOMA
Código do idioma do original e/ou traduções intermediárias do texto por
082 ## - CDD - CLASSIFICAÇÃO DECIMAL DE DEWEY
Número de Classificação 133.93
Número do exemplar M332n
100 ## - ENTRADA PRINCIPAL--NOME PESSOAL
Nome pessoal Maria do Rosário, Irmã (espírito)
9 (RLIN) 483
245 ## - TÍTULO
Título Na cura da alma /
Indicação de responsabilidade, etc. Maria do Rosário, Irmã (espírito) ; Psicografado por Cominatto, Lúcia (médium)
260 ## - PUBLICAÇÃO, DISTRIBUIÇÃO, ETC.
Local de publicação, distribuição, etc. Capivari
Nome do editor, distribuidor, etc. EME
Data da publicação, distribuição, etc. 2014
300 ## - DESCRIÇÃO FÍSICA
Extensão 208 p.
520 ## - NOTA DE RESUMO, ETC.
Resumo, etc. Em Na cura da Alma, o Espírito Irmã Maria do Rosário, através da médium Lúcia Cominatto, nos presenteia com mensagens que enchem nossos corações de fé, amor, coragem, paz e esperança.<br/>Envoltos pelos problemas da vida cotidiana, muitas vezes não vemos saída para as situações em que nos encontramos. Desesperados, esquecemos de elevar o pensamento a Deus e confiar em Seus desígnios.<br/>É a esses momentos que mais se aplica a presente obra, feita para estar sempre à mão. Cada novo texto serve para lembrar-nos de que, não importa o que nos aconteça, devemos ter sempre a certeza de que o Pai nunca desampara Seus filhos, nem mesmo o mais pequenino deles.
650 #0 - ASSUNTO--TERMO TÓPICO
Cabeçalho tópico ou nome geográfico Literatura Brasileira
9 (RLIN) 205
650 #0 - ASSUNTO--TERMO TÓPICO
Cabeçalho tópico ou nome geográfico Psicografias
9 (RLIN) 485
650 #0 - ASSUNTO--TERMO TÓPICO
Cabeçalho tópico ou nome geográfico Estudos Espíritas
9 (RLIN) 165
650 #0 - ASSUNTO--TERMO TÓPICO
Cabeçalho tópico ou nome geográfico Auto Conhecimento
9 (RLIN) 19
650 #0 - ASSUNTO--TERMO TÓPICO
Cabeçalho tópico ou nome geográfico Mediunidade
9 (RLIN) 166
655 #0 - TERMO DE ÍNDICE--GÊNERO E FORMA
Gênero/forma/ou termo foco Romance
700 1# - ENTRADA ADICIONADA - NOME PESSOAL
Nome pessoal Cominatto, Lúcia.
Datas associadas ao nome 1929-2017
Função do autor por extenso (médium)
9 (RLIN) 484
942 ## - ELEMENTOS DE ENTRADA ADICIONADOS (KOHA)
Fonte de classificação ou esquema de arquivamento Classificação decimal de Dewey
Ocultar no OPAC Não
Tipo de material Koha Livros
Holdings
Situação do descarte Situação das perdas Fonte de classificação ou esquema de arquivamento Materiais especificados (volume encadernado ou outra parte) Status danificado Não pode ser emprestado Coleção Biblioteca de origem Biblioteca atual Localização na estante Data de aquisição Fonte de aquisição Total de empréstimos Número de chamada completo Código de barras Data de último acesso Número do exemplar Data do preço efetivo Tipo de material Koha
    Classificação decimal de Dewey     Não ficção Biblioteca Professor Eduardo Afonso de Castro Biblioteca Professor Eduardo Afonso de Castro Obras Espíritas 25.02.2025 doação   133.93 / M332n 2025-17214 24.02.2025 Ex. 01 24.02.2025 Livros
    Classificação decimal de Dewey     Não ficção Biblioteca Professor Eduardo Afonso de Castro Biblioteca Professor Eduardo Afonso de Castro Obras Espíritas 25.02.2025 doação   133.93 / M332n 2025-17215 24.02.2025 Ex. 02 24.02.2025 Livros

Powered by Koha